| Tag |
First Indicator |
Second Indicator |
Subfields |
| LEADER |
00000cam a2200000 i 4500 |
| 001 |
in00000664821 |
| 005 |
20151015085827.0 |
| 008 |
790515s1978 dcu 00010 eng |
| 010 |
|
|
|a 78111351
|
| 020 |
|
|
|c $2.50
|
| 035 |
|
|
|a (OCoLC)05028097
|
| 035 |
|
|
|9 ACY3599AM
|
| 040 |
|
|
|a DLC
|c DLC
|d TXA
|d UtOrBLW
|
| 043 |
|
|
|a n-us---
|
| 049 |
|
|
|a TXAM
|c [983055]
|
| 050 |
0 |
0 |
|a HF5549.5.A4
|b B87 1978
|
| 082 |
0 |
|
|a 331.2/55
|
| 110 |
2 |
|
|a Bureau of National Affairs (Arlington, Va.)
|
| 245 |
1 |
0 |
|a Alcoholism and employee relations.
|
| 264 |
|
1 |
|a Washington :
|b Bureau of National Affairs,
|c [1978]
|
| 264 |
|
4 |
|c ©1978
|
| 300 |
|
|
|a 20 pages ;
|c 23 cm.
|
| 336 |
|
|
|a text
|b txt
|2 rdacontent
|
| 337 |
|
|
|a unmediated
|b n
|2 rdamedia
|
| 338 |
|
|
|a volume
|b nc
|2 rdacarrier
|
| 490 |
1 |
|
|a A BNA special report
|
| 650 |
|
0 |
|a Alcoholism and employment
|z United States.
|
| 830 |
|
0 |
|a BNA special report.
|
| 999 |
|
|
|a MARS
|
| 999 |
f |
f |
|s 22c8bdcf-ad34-3759-ae4e-e2154ac7dbd3
|i acf9f312-fade-37b9-b4a0-76730ae8ec56
|t 0
|
| 952 |
f |
f |
|p ric
|a Texas A&M University
|b Rellis Campus
|c Joint Library Facility
|d Remote Storage
|t 0
|e HF5549.5.A4 B87 1978
|h Library of Congress classification
|i unmediated -- volume
|m A14802821988
|
| 998 |
f |
f |
|a HF5549.5.A4 B87 1978
|t 0
|l Remote Storage
|